000 00846nam a2200301Ia 4500
001 9125
003 IT-RoPAU
008 130308s9999 xx 000 0 und d
040 _aIT-RoPAU
040 _cIT-RoPAU
041 _aFRANCESE
100 _aVion Robert
100 _gCodice Aut. SPICS: 635
245 _aLangues et systemes de signes
245 _bLinguistique
250 _a1a ed.
260 _aPARIS
260 _bPresses Universitaires France
260 _c1980 [1° Ed.:1980 - Ed.Ling.Originale:1980]
300 _a"11 p. (prefazione: no ; testo: 11 [pagine: 55-65])"
500 _aLingue e sistemi di Segni Storia della Semiologia Processi di Comunicazione Secondo la Semiologia
650 _aLINGUISTICA
650 _eCodice materia Spics: 3201
942 _cBK
957 _71
999 _c39355
_d39355
999 _bSI
999 _g1